|
|
|
|
| LEADER |
00000cam a2200000 7i4500 |
| 001 |
0000195708 |
| 005 |
20150604.0 |
| 020 |
|
|
|a 9789670618463
|
| 090 |
0 |
0 |
|a 297.2112
|b AAN
|
| 100 |
0 |
|
|a Aan Wulandari
|
| 245 |
1 |
0 |
|a Indahnya! 99 nama Allah SWT
|c Aan Wulandari ; penterjemah: Nur Syafiqa Yusoff
|
| 260 |
|
|
|a Hulu Selangor :
|b Darul Mughni Trading ,
|c 2014
|
| 300 |
|
|
|a 96p. :
|b ill. ;
|c 21cm.
|
| 650 |
0 |
0 |
|a God (Islam)
|x Attributes
|x Juvenile literature
|
| 650 |
0 |
0 |
|a God (Islam)
|x Name
|
| 700 |
1 |
|
|a Nur Syafiqa Yusoff
|
| 999 |
|
|
|a 00309688
|b BUKU
|c JUNIOR BOOKS
|e PERPUSTAKAAN KOMUNITI PETALING JAYA
|
| 999 |
|
|
|a 00309689
|b BUKU
|c JUNIOR BOOKS
|e PERPUSTAKAAN KOMUNITI CAW TAMAN MEDAN
|
| 999 |
|
|
|a 00309690
|b BUKU
|c JUNIOR BOOKS
|e PERPUSTAKAAN KOMUNITI CAW KOTA DAMANSARA
|
| 999 |
|
|
|a 00315825
|b BUKU
|c JUNIOR BOOKS
|e PERPUSTAKAAN KOMUNITI CAW TAMAN MEDAN
|
| 999 |
|
|
|a 00315826
|b BUKU
|c JUNIOR BOOKS
|e PERPUSTAKAAN KOMUNITI CAW KOTA DAMANSARA
|
| 999 |
|
|
|a 00315827
|b BUKU
|c JUNIOR BOOKS
|e PERPUSTAKAAN KOMUNITI CAW TAMAN MEDAN
|
| 999 |
|
|
|a 00315828
|b BUKU
|c JUNIOR BOOKS
|e PERPUSTAKAAN KOMUNITI PETALING JAYA
|